Measuring up (Record no. 106289)

MARC details
000 -LEADER
fixed length control field 01149cam a2200205 4500
001 - CONTROL NUMBER
control field ##L136019
008 - FIXED-LENGTH DATA ELEMENTS--GENERAL INFORMATION
fixed length control field 070103n2006 000 0 eng u
035 ## - SYSTEM CONTROL NUMBER
System control number (Sirsi) u136019
041 0# - LANGUAGE CODE
Language code of text/sound track or separate title eng
050 04 - LIBRARY OF CONGRESS CALL NUMBER
Classification number 344.410465 $2 18
110 1# - MAIN ENTRY--CORPORATE NAME
Corporate name or jurisdiction name as entry element Great Britain
Subordinate unit Health and Safety Commission
245 00 - TITLE STATEMENT
Title Measuring up
Remainder of title performance report 2006
260 ## - PUBLICATION, DISTRIBUTION, ETC.
Place of publication, distribution, etc. Sudbury
Name of publisher, distributor, etc. HSE
Date of publication, distribution, etc. 2006
520 ## - SUMMARY, ETC.
Summary, etc. Outlines the activities, initiatives and campaigns carried out by HSE and local authorities that have helped Great Britain achieve the lowest fatal injury rate in Europe. Reveals that improvements made in the construction industry since 1999 have saved the lives of at least 80 people, although in the same period 535 workers died from mostly unavoidable injuries. There is now a commitment to change, with campaigns such as Watch Your Step, introduced to improve site conditions and reduce the risk of slips and trips.
590 ## - LOCAL NOTE (RLIN)
Local note KA
651 #4 - SUBJECT ADDED ENTRY--GEOGRAPHIC NAME
Geographic name GREAT BRITAIN
690 ## - LOCAL SUBJECT ADDED ENTRY--TOPICAL TERM (OCLC, RLIN)
Topical term or geographic name as entry element MANAGEMENT-HEALTH AND SAFETY
856 40 - ELECTRONIC LOCATION AND ACCESS
Uniform Resource Identifier <a href="https://www.hse.gov.uk/aboutus/reports/performance/performance2006.pdf">https://www.hse.gov.uk/aboutus/reports/performance/performance2006.pdf</a>
Public note View the item free of charge at www.hse.gov.uk
942 ## - ADDED ENTRY ELEMENTS (KOHA)
Suppress in OPAC 0
Holdings
Withdrawn status Lost status Source of classification or shelving scheme Damaged status Not for loan Home library Current library Shelving location Date acquired Total Checkouts Full call number Barcode Date last seen Copy number Price effective from Koha item type
    Dewey Decimal Classification     Virtual Virtual Online 03/01/2007   ONLINE PUBLICATION 136019-2001 06/08/2019 1 06/08/2019 Book